| 000 | 01612nam a2200241Ia 4500 | ||
|---|---|---|---|
| 003 | Ost | ||
| 005 | 20260507075059.0 | ||
| 008 | 260507s9999||||xx |||||||||||||| ||und|| | ||
| 020 | _a95328977 | ||
| 040 | _cfsecg | ||
| 041 | _aara | ||
| 082 | _a1.6 | ||
| 100 |
_aالعريان، محمد علي _eمؤلف |
||
| 245 | 0 |
_aالجرائم المعلوماتية / _c محمد علي العريان |
|
| 260 |
_aالإسكندرية: _bالدار الجامعة الجديدة, _c2004 |
||
| 300 |
_a263 صفحة؛ _c24 سم |
||
| 490 | _aالمكتبة القانونية | ||
| 504 | _aبيبليوغرافيا ص.253 | ||
| 520 | _aجرائم المعلوماتية،ظاهرة المعلوماتية في مجال الجريمة،نظم الحاسب الآلي والمجرم المعلوماتي،الأساليب الغير مشروعة في ارتكاب الجريمة المعلوماتية،التقنيات المستخدمة في تدمير نظم المعلوماتية،الحماية الجنائية لنظم المعلوماتية،الحماية الجنائية للبرامج من خلال جرائم الأموال،أوجه الحماية المختلفة لنظم المعلوماتية في أطوار القوانين الخاصة،الإتجاهات الحديثة في الحماية القانونية لبرامج الحاسب الآلي،الحماية الدولية لبرامج الحاسب الآلي،الحماية الجنائية في ظل القانون المصري. | ||
| 653 | _aالحواسيب | ||
| 653 | _aجرائم المعلوماتية | ||
| 942 | _cكتاب | ||
| 999 |
_c42775 _d42775 |
||